000 nam a22 7a 4500
999 _c129824
_d129824
008 190910b xxu||||| |||| 00| 0 eng d
020 _a9780008275709
050 _aHQ1206.A26 2017
100 _aAdichie, Chimamanda Ngozi
_947696
245 _aDear Ijeawele
_ba feminist manifesto in fifteen suggestions
_cChimamanda Ngozi Adichie
260 _aLondon
_bFourth Estate
_c2017
300 _a66p. ;
_c18cm.
650 _aFeminist theory
_948104
650 _aFeminism
_99992
650 _aWomen
_xSocial conditions
_y21st century
_948102
650 _aParential influences
_948103
942 _2lcc
_cMONOGRAPH